00360nam a2200121 a 4500008004100000050001500041100001500056245005700071246004000128260004000168300002100208350000900229120416s1989 ||||||||||||||||| || u aTJ 213 Dig aFargeon, C14aThe digital control of systemscedited by C. Fargeon aapplications to vehicles and robots aLondonbNorth Oxford Academicc1989 axv, 449p. : ill. a0.00